[Event "Klaipeda championship 2011"]
[Site "http://www.bokstas.net"]
[Date "2011.01.04"]
[Round "1.1"]
[White "Vaitonis Vytautas"]
[Black "Dubinskas Konstantinas"]
[WhiteElo "2029"]
[BlackElo "2052"]
[Result "1/2-1/2"]

1. d4 Nf6 2. c4 e6 3. Nf3 b6 4. g3 Bb7 5. Bg2 Be7 6. Nc3 O-O 7. O-O d5 8. Ne5
Nbd7 9. Qa4 c6 10. cxd5 cxd5 11. Bf4 Nxe5 12. Bxe5 Nd7 13. Bf4 Nf6 14. Rac1 a6
15. Qd1 Rc8 16. Qd2 1/2-1/2

[Event "Klaipeda championship 2011"]
[Site "http://www.bokstas.net"]
[Date "2011.01.04"]
[Round "1.2"]
[White "Žasytis Žilvinas"]
[Black "Jocys Dalius"]
[WhiteElo "1771"]
[BlackElo "2207"]
[Result "0-1"]

1. e4 c5 2. Nc3 d6 3. Bb5+ Nd7 4. f4 a6 5. Bxd7+ Bxd7 6. Nf3 g6 7. d3 Bg7 8.
O-O e6 9. Qe1 Ne7 10. Kh1 O-O 11. Be3 Rc8 12. Rb1 b5 13. Ne2 Bc6 14. Qh4 Bb7
15. c3 d5 16. Rbd1 Qc7 17. Ng3 b4 18. f5 dxe4 19. dxe4 exf5 20. exf5 Nxf5 21.
Nxf5 gxf5 22. Bh6 f6 23. Bf4 Qf7 24. cxb4 cxb4 25. Nd4 Be4 26. Bd6 Rfd8 27.
Bxb4 Qb7 28. Ba5 Rxd4 29. Rxd4 Bxg2+ 30. Kg1 Bxf1 31. Qf2 Bh3 32. Bc3 Rxc3 0-1

[Event "Klaipeda championship 2011"]
[Site "http://www.bokstas.net"]
[Date "2011.01.04"]
[Round "1.3"]
[White "Džikia Aleksandras"]
[Black "Jonuševičius Audrius"]
[WhiteElo "1909"]
[BlackElo "2090"]
[Result "1-0"]

1. d4 d5 2. e3 Nf6 3. Bd3 e6 4. f4 c5 5. c3 Nc6 6. Nf3 Be7 7. Nbd2 Ng4 8. Qe2
f5 9. O-O O-O 10. h3 Nf6 11. Ne5 c4 12. Bc2 Bd7 13. g4 Nxe5 14. dxe5 Ne4 15.
Kh2 Bh4 16. Rg1 h6 17. Nf3 Be7 18. gxf5 exf5 19. Qg2 Rf7 20. Nd4 Qb6 21. Bd1
Bh4 22. Qf3 g5 23. Qh5 Rg7 24. e6 Be8 25. Qf3 Bf2 26. Rg2 gxf4 27. Rxf2 Nxf2
28. Qxf2 fxe3 29. Bxe3 Rg6 30. Bh5 Rf6 31. Rg1+ Kf8 32. Bxh6+ Rxh6 33. Qxf5+
Ke7 34. Rg7+ Kd6 35. Qf4+ Kc5 36. Rc7+ Bc6 37. b4+ cxb3 38. Nxb3+ 1-0

[Event "Klaipeda championship 2011"]
[Site "http://www.bokstas.net"]
[Date "2011.01.04"]
[Round "1.4"]
[White "Armonaitis Silvestras"]
[Black "Černavina Ksenija"]
[WhiteElo "2108"]
[BlackElo "1755"]
[Result "1-0"]

1. c4 e5 2. Nc3 Nf6 3. Nf3 e4 4. Ng5 c6 5. Ngxe4 Nxe4 6. Nxe4 d5 7. cxd5 cxd5
8. Ng3 Nc6 9. d4 Qa5+ 10. Bd2 Qb6 11. Bc3 Bb4 12. e3 O-O 13. Bd3 Re8 14. O-O
Bd6 15. Qh5 g6 16. Qxd5 Bxg3 17. hxg3 Be6 18. Qg5 Rad8 19. e4 Bc8 20. d5 Nd4
21. Rad1 Nb5 22. Bf6 Rd6 23. Bxb5 Qxb5 24. e5 Rxf6 25. exf6 Qxb2 26. Rfe1 Rd8
27. Re5 Qb4 28. d6 Qg4 29. Rde1 1-0

[Event "Klaipeda championship 2011"]
[Site "http://www.bokstas.net"]
[Date "2011.01.04"]
[Round "1.5"]
[White "Galuščak Viktoras"]
[Black "Drozdov Sergej"]
[WhiteElo "1815"]
[BlackElo "2242"]
[Result "1/2-1/2"]

1. e4 e5 2. Nf3 Nf6 3. Nxe5 d6 4. Nf3 Nxe4 5. Nc3 Nf6 6. d4 Be7 7. Bg5 O-O 8.
Qd2 Bg4 9. O-O-O c6 10. Bd3 Nbd7 11. h3 Bxf3 12. gxf3 d5 13. Rdg1 Kh8 14. Ne2
Nh5 15. h4 Ndf6 16. Ng3 Nxg3 17. Rxg3 Nh5 18. Bxe7 Qxe7 19. Rg5 Nf6 20. Rhg1
Rg8 21. Re5 Qc7 22. Qg5 Rae8 23. Rxe8 Nxe8 24. Bxh7 Rf8 25. Bd3 Qd6 26. f4 Qh6
27. Re1 Nd6 28. Re7 Rd8 29. Kd2 Kg8 30. Re5 Re8 31. Ke2 Kf8 32. Kf3 f6 33. Qxh6
gxh6 34. Rxe8+ Kxe8 35. Kg4 Kf7 36. b3 b6 37. b4 Kg7 38. a3 1/2-1/2

[Event "Klaipeda championship 2011"]
[Site "http://www.bokstas.net"]
[Date "2011.01.23"]
[Round "2.2"]
[White "Drozdov Sergej"]
[Black "Barščiauskas Gintautas"]
[WhiteElo "2242"]
[BlackElo "1891"]
[Result "1-0"]



1. d4 d5 2. Nf3 Nf6 3. e3 e6 4. Bd3 b6 5. b3 Bb7 6. O-O Nbd7 7. Bb2 c5 8. c4
Be7 9. Nc3 O-O 10. Nd2 Re8 11. Qc2 Rc8 12. Rad1 Bf8 13. Qb1 a6 14. cxd5 exd5
15. dxc5 bxc5 16. Bf5 g6 17. Bh3 Rc7 18. Ne2 Bh6 19. Ng3 Bf8 20. Qa1 Qe7 21.
Rfe1 Ne4 22. Ngxe4 dxe4 23. Nc4 f5 24. g3 Bg7 25. Bf1 Ne5 26. Nxe5 Bxe5 27.
Bc4+ Kg7 28. Rd2 Qf6 29. Bxe5 Qxe5 30. Qc1 a5 31. Red1 Bc6 32. Rd6 Ree7 33. Qc2
Kh6 34. Kg2 Red7 35. Re6 Qg7 36. Rxd7 Qxd7 1-0

[Event "Klaipeda championship 2011"]
[Site "http://www.bokstas.net"]
[Date "2011.01.23"]
[Round "2.3"]
[White "Černavina Ksenija"]
[Black "Galuščak Viktoras"]
[WhiteElo "1755"]
[BlackElo "1815"]
[Result "0-1"]

1. c4 Nf6 2. Nc3 e6 3. Nf3 Bb4 4. g3 b6 5. Bg2 Bb7 6. d3 Bxc3+ 7. bxc3 d6 8.
O-O O-O 9. d4 Nbd7 10. Qc2 Be4 11. Qb3 Qc8 12. Rd1 Qb7 13. Bg5 Rab8 14. Bxf6
Nxf6 15. Rd2 h6 16. Rad1 Rfd8 17. d5 e5 18. Ne1 Bf5 19. Nc2 Ne4 20. Bxe4 Bxe4
21. Nb4 Ra8 22. f3 Bf5 23. g4 Bd7 24. Nc2 f5 25. h3 Rf8 26. Ne3 Qa6 27. Qb1 f4
28. Ng2 Qxc4 29. Rc1 Qc5+ 30. Kf1 a5 31. Nh4 Rf6 32. Ng6 Kf7 33. Nh4 Rh8 34. c4
g5 35. Nf5 h5 36. Kg2 hxg4 37. fxg4 Bxf5 38. gxf5 Qe3 39. Qd3 Rxh3 40. Qxe3
Rxe3 41. Rh1 Kg7 42. Rh3 Rxh3 43. Kxh3 Rh6+ 44. Kg4 Kf6 45. e4 fxe3 46. Re2
Rh4+ 47. Kf3 Kxf5 48. Kxe3 Re4+ 0-1

[Event "Klaipeda championship 2011"]
[Site "http://www.bokstas.net"]
[Date "2011.01.23"]
[Round "2.4"]
[White "Jonuševičius Audrius"]
[Black "Armonaitis Silvestras"]
[WhiteElo "2090"]
[BlackElo "2108"]
[Result "0-1"]

1. d4 d6 2. e4 Nf6 3. Bd3 e5 4. c3 Be7 5. Nf3 Bg4 6. Qa4+ Qd7 7. Qb3 Nc6 8. Bb5
a6 9. dxe5 Nxe4 10. Bxc6 bxc6 11. exd6 Bxd6 12. Nd4 O-O 13. Qa4 Nc5 14. Qc4
Rfe8+ 15. Be3 Rxe3+ 16. fxe3 Qe7 17. O-O Qxe3+ 18. Kh1 Rf8 19. Na3 Nd3 20. Nxc6
Qh6 21. Ne7+ Kh8 22. h3 Bxh3 23. Kg1 Qe3+ 24. Kh1 Bxg2+ 25. Kxg2 Qg3+ 0-1

[Event "Klaipeda championship 2011"]
[Site "http://www.bokstas.net"]
[Date "2011.01.23"]
[Round "2.5"]
[White "Jocys Dalius"]
[Black "Džikia Aleksandras"]
[WhiteElo "2207"]
[BlackElo "1909"]
[Result "1-0"]

1. Nf3 e6 2. c4 f5 3. g3 Nf6 4. Bg2 d5 5. O-O c6 6. d3 Bc5 7. Nbd2 O-O 8. Qc2
Nbd7 9. cxd5 exd5 10. d4 Bd6 11. Qxf5 Qe7 12. Qd3 Kh8 13. Nh4 Nb6 14. e4 dxe4
15. Nxe4 Nxe4 16. Bxe4 Bh3 17. Bg2 Be6 18. b3 Qf6 19. Be3 Rae8 20. f4 Nd5 21.
Bd2 Rd8 22. Be4 Bg8 23. Nf3 c5 24. Kh1 Bc7 25. Qb5 cxd4 26. Qxb7 Bb6 27. Ne5
Nc3 28. Bf3 Qd6 29. Qc6 Qb4 30. Nd3 Qa5 31. Ne5 Rf6 32. Qb7 Qb5 33. Qe7 Bd5 34.
Bxc3 dxc3 35. Rfd1 Bxf3+ 36. Nxf3 Rdf8 37. Rac1 Re8 38. Qd7 Qe2 39. Rxc3 Rh6
40. Qd3 Qf2 41. Qe4 Rf8 42. Rc2 Qxg3 43. Ng5 Rh4 44. Ne6 Re8 45. Rg2 Qh3 46.
Qb7 Rg4 47. f5 h6 48. Nf4 Qh4 49. Ng6+ Rxg6 50. fxg6 Qe1+ 51. Rg1 1-0

[Event "Klaipeda championship 2011"]
[Site "http://www.bokstas.net"]
[Date "2011.02.06"]
[Round "3.1"]
[White "Žasytis Žilvinas"]
[Black "Dubinskas Konstantinas"]
[WhiteElo "1771"]
[BlackElo "2052"]
[Result "1/2-1/2"]

1. e4 c5 2. Nc3 e6 3. f4 d5 4. Bb5+ Nc6 5. e5 Nge7 6. Nf3 a6 7. Bxc6+ Nxc6 8.
d4 b5 9. Be3 cxd4 10. Nxd4 Nxd4 11. Bxd4 Bd7 12. O-O Rc8 13. Ne2 Bc5 14. c3 O-O
15. Rf3 f6 16. Bxc5 Rxc5 17. Nd4 fxe5 18. fxe5 Rxf3 19. Qxf3 Qe7 20. Rf1 Rc4
21. a3 a5 22. b4 a4 23. h3 1/2-1/2

[Event "Klaipeda championship 2011"]
[Site "http://www.bokstas.net"]
[Date "2011.02.06"]
[Round "3.2"]
[White "Džikia Aleksandras"]
[Black "Vaitonis Vytautas"]
[WhiteElo "1909"]
[BlackElo "2029"]
[Result "0-1"]

1. Nf3 d5 2. c4 c6 3. Qb3 Nf6 4. d3 g6 5. g3 Bg7 6. Bg2 O-O 7. O-O Nbd7 8. cxd5
Nxd5 9. Nc3 Nxc3 10. bxc3 Qa5 11. Bd2 Qh5 12. Rab1 Ne5 13. Nxe5 Qxe5 14. Rfe1
Qc7 15. Bf4 e5 16. Bg5 h6 17. Be3 Kh7 18. Bc5 Re8 19. Qa3 Bd7 20. Bd6 Qc8 21.
Qb3 Re6 22. Ba3 b6 23. d4 e4 24. f3 e3 25. f4 Re8 26. Bd6 Be6 27. Qa4 Bd5 28.
Bf3 Qe6 29. Ba3 Bxf3 30. exf3 Qxa2 31. Rb2 Qd5 32. Kg2 c5 33. Rbe2 cxd4 34.
cxd4 Qxd4 35. Qb3 Qc3 36. Qa2 Qd3 37. Bc1 Rac8 38. Bxe3 Rxe3 39. Rxe3 Rc2+ 0-1

[Event "Klaipeda championship 2011"]
[Site "http://www.bokstas.net"]
[Date "2011.02.06"]
[Round "3.3"]
[White "Armonaitis Silvestras"]
[Black "Jocys Dalius"]
[WhiteElo "2108"]
[BlackElo "2207"]
[Result "0-1"]

1. Nf3 Nf6 2. c4 d6 3. d4 c6 4. Nc3 Nbd7 5. e4 e5 6. Be2 Be7 7. O-O O-O 8. Rb1
a5 9. Re1 Re8 10. h3 Qc7 11. Bf1 Bf8 12. d5 Nc5 13. b3 Bd7 14. Bg5 Be7 15. Qd2
Qb6 16. Na4 Nxa4 17. bxa4 Qc7 18. Bd3 cxd5 19. cxd5 Bxa4 20. Rec1 Qd7 21. Be3
b5 22. a3 Bd8 23. Qe1 Nxd5 24. exd5 e4 25. Bxb5 Bxb5 26. Nd4 Bd3 27. Rb2 Re5
28. Nc6 Rxd5 29. Nxd8 Rxd8 30. Qc3 Re5 31. Bd4 Rg5 32. f4 exf3 0-1

[Event "Klaipeda championship 2011"]
[Site "http://www.bokstas.net"]
[Date "2011.02.06"]
[Round "3.4"]
[White "Galuščak Viktoras"]
[Black "Jonuševičius Audrius"]
[WhiteElo "1815"]
[BlackElo "2090"]
[Result "1/2-1/2"]

1. e4 c5 2. Nf3 d6 3. d4 cxd4 4. Nxd4 Nc6 5. Nc3 Bd7 6. Be3 Nf6 7. f3 e6 8. Qd2
d5 9. O-O-O Bb4 10. Bd3 e5 11. Nxc6 bxc6 12. a3 Bxc3 13. bxc3 Qe7 14. Qf2 Qxa3+
15. Kd2 dxe4 16. Bc5 Qa5 17. Ra1 Qd8 18. fxe4 Ng4 19. Qg3 Qg5+ 20. Ke1 h5 21.
h3 h4 22. Qf3 Nf6 23. Bc4 a5 24. Ke2 Qf4 25. Qxf4 exf4 26. Kf3 g5 27. Rhb1 Be6
28. Bd4 Rh6 29. Bxe6 fxe6 30. Rb6 e5 31. Bf2 Nd7 32. Rb7 c5 33. Rd1 Rd8 34. Ra7
Rc6 35. Rxa5 Ke7 36. Rd5 Rdc8 37. c4 Ke6 38. Rb5 R8c7 39. Kg4 Nf6+ 40. Kf3 Ra6
41. Rdxc5 Rxc5 42. Bxc5 Nd7 43. Bb4 Ra2 44. c3 Ra1 45. Rd5 Nf6 46. Ra5 Re1 47.
Ra6+ Kf7 48. Ra7+ Kg6 49. Ra6 Re3+ 50. Kf2 Kf7 51. Ra7+ Ke8 52. Re7+ Kd8 53.
Rxe5 Nxe4+ 54. Kg1 Kd7 55. Be7 f3 56. gxf3 Re1+ 57. Kg2 Re2+ 1/2-1/2

[Event "Klaipeda championship 2011"]
[Site "http://www.bokstas.net"]
[Date "2011.02.06"]
[Round "3.5"]
[White "Barščiauskas Gintautas"]
[Black "Černavina Ksenija"]
[WhiteElo "1891"]
[BlackElo "1755"]
[Result "0-1"]

1. d4 d5 2. Nf3 Nf6 3. c4 c6 4. e3 e6 5. Nc3 Bb4 6. Qc2 O-O 7. Bd3 dxc4 8. Bxc4
b5 9. Bd3 Bb7 10. O-O a6 11. Ne4 Nxe4 12. Bxe4 f5 13. Bd3 Nd7 14. Qb3 Qe7 15.
e4 fxe4 16. Bxe4 Nf6 17. Bg5 h6 18. Ne5 hxg5 19. Bxc6 Bxc6 20. Nxc6 Qd6 21.
Nxb4 Kf7 22. Rad1 Rh8 23. g3 Rh3 24. Rd2 Rah8 25. f3 Nh5 26. f4 gxf4 27. Rf3
Ke8 28. gxf4 Nxf4 29. Qe3 g5 30. a3 a5 31. Nc2 Qd5 32. Rdf2 Rxf3 33. Rxf3 Rh3
34. Rg3 Rxg3+ 0-1

[Event "Klaipeda championship 2011"]
[Site "http://www.bokstas.net"]
[Date "2011.02.13"]
[Round "4.1"]
[White "Dubinskas Konstantinas"]
[Black "Drozdov Sergej"]
[WhiteElo "2052"]
[BlackElo "2242"]
[Result "0-1"]

1. d4 Nf6 2. Nf3 e6 3. g3 Be7 4. c4 O-O 5. Bg2 d5 6. O-O Nbd7 7. b3 c5 8. cxd5
exd5 9. Bb2 Re8 10. Nc3 Bf8 11. Rc1 b6 12. dxc5 Nxc5 13. Nd4 Bb7 14. Qc2 Rc8
15. Qb1 a6 16. Rfd1 b5 17. b4 Ncd7 18. a3 Qb6 19. e3 Ne5 20. Nce2 Nc4 21. Nf5
Nxb2 22. Qxb2 g6 23. Nfd4 Bg7 24. Nf4 Rc4 25. Bf1 Ng4 26. Qd2 Rec8 27. Nb3 Ne5
28. Bg2 Rxc1 29. Rxc1 Nc4 30. Qd3 Rd8 31. Nc5 Ba8 32. Nxd5 Qd6 33. e4 f5 34. f3
Bxd5 35. exd5 Qxd5 36. Qxd5+ Rxd5 37. f4 Rd2 38. Nxa6 Bd4+ 39. Kh1 Ne3 40. Bf3
Rf2 41. Nc7 Rxf3 42. Nxb5 Bb6 43. a4 Nd5 44. a5 Be3 45. Ra1 Nxb4 46. a6 Nc6 47.
Rb1 Rf2 48. a7 Bxa7 49. Nxa7 Nd4 50. Kg1 Ra2 51. Nc8 Nf3+ 0-1

[Event "Klaipeda championship 2011"]
[Site "http://www.bokstas.net"]
[Date "2011.02.13"]
[Round "4.3"]
[White "Jonuševičius Audrius"]
[Black "Barščiauskas Gintautas"]
[WhiteElo "2090"]
[BlackElo "1891"]
[Result "1-0"]

1. d4 Nf6 2. c4 e6 3. Nf3 d5 4. e3 c5 5. cxd5 exd5 6. Bb5+ Bd7 7. Bxd7+ Nbxd7
8. O-O Be7 9. dxc5 Bxc5 10. Nc3 Nb6 11. Qd3 O-O 12. b3 Qe7 13. Nd4 Rfd8 14. Bb2
Ne4 15. Ncb5 Qd7 16. Nf3 a6 17. Nc3 Qe7 18. Rac1 Rac8 19. Rc2 h6 20. Ne2 Nd7
21. Qxd5 Nxf2 22. Bd4 Ng4 23. Kh1 Nxe3 24. Bxe3 Qxe3 25. Qxb7 Nf6 26. Ng3 Rb8
27. Qxa6 Rd5 28. Re2 Qd3 29. Qxd3 Rxd3 30. Ne5 Rd5 31. Nc4 Rbd8 32. Ne4 Bd4 33.
Nxf6+ Bxf6 34. g3 Rd1 35. Rxd1 Rxd1+ 36. Kg2 Kf8 37. Kf3 Bc3 38. Rc2 Bd4 39.
Rd2 Rxd2 40. Nxd2 Ke7 41. Ke4 Bg1 42. Nf3 Bf2 43. Kd5 h5 44. b4 f6 45. Nd4 g5
46. b5 Kd7 47. a4 g4 48. Ne2 Bb6 49. Ke4 Kd6 50. Kf5 Bd8 51. Nf4 Bb6 52. Nxh5
Bg1 53. Nxf6 Bxh2 54. Kxg4 Kc5 55. Kf3 Bg1 56. Ne4+ Kb4 57. Nf2 1-0

[Event "Klaipeda championship 2011"]
[Site "http://www.bokstas.net"]
[Date "2011.02.13"]
[Round "4.4"]
[White "Jocys Dalius"]
[Black "Galuščak Viktoras"]
[WhiteElo "2207"]
[BlackElo "1815"]
[Result "1-0"]

1. Nf3 Nf6 2. b3 g6 3. Bb2 Bg7 4. g3 d6 5. Bg2 c5 6. O-O Nc6 7. c4 Bg4 8. h3
Bd7 9. d4 cxd4 10. Nxd4 Qc8 11. Kh2 Nxd4 12. Bxd4 Bc6 13. e3 O-O 14. Nd2 Bxg2
15. Kxg2 Qc6+ 16. Qf3 Qxf3+ 17. Kxf3 Nd7 18. Rac1 Rfc8 19. Ke2 b6 20. Ne4 Nc5
21. Nc3 e5 22. Bxc5 Rxc5 23. Rfd1 Bf8 24. Rd2 Rd8 25. Rcd1 a6 26. Rd5 Be7 27.
R5d3 Kf8 28. a4 Rc6 29. Nd5 f6 30. Nb4 1-0

[Event "Klaipeda championship 2011"]
[Site "http://www.bokstas.net"]
[Date "2011.02.13"]
[Round "4.5"]
[White "Vaitonis Vytautas"]
[Black "Armonaitis Silvestras"]
[WhiteElo "2029"]
[BlackElo "2108"]
[Result "0-1"]

1. d4 Nf6 2. c4 e6 3. Nc3 d5 4. Nf3 c6 5. Bg5 h6 6. Bh4 a6 7. e3 Nbd7 8. cxd5
exd5 9. Bd3 Be7 10. Qc2 O-O 11. h3 Re8 12. Bg3 c5 13. O-O c4 14. Bf5 Nf8 15.
Ne5 Bxf5 16. Qxf5 Ne6 17. Rad1 Bb4 18. f3 Bxc3 19. bxc3 Qa5 20. Nxc4 Qxa2 21.
Ne5 Rac8 22. c4 dxc4 23. d5 Nf8 24. d6 Re6 25. Ng4 N8d7 26. e4 c3 27. e5 Nd5
28. Qe4 c2 29. Qxd5 Qxd5 30. Rxd5 c1=Q 31. Rxc1 Rxc1+ 32. Kh2 h5 0-1

[Event "Klaipeda championship 2011"]
[Site "http://www.bokstas.net"]
[Date "2011.02.13"]
[Round "4.6"]
[White "Žasytis Žilvinas"]
[Black "Džikia Aleksandras"]
[WhiteElo "1771"]
[BlackElo "1909"]
[Result "1/2-1/2"]

1. e4 e6 2. d4 d5 3. Nc3 Bb4 4. e5 c5 5. Bd2 cxd4 6. Nb5 Bxd2+ 7. Qxd2 Nc6 8.
f4 Nge7 9. Nf3 O-O 10. Nbxd4 Nxd4 11. Nxd4 Nc6 1/2-1/2

[Event "Klaipeda championship 2011"]
[Site "http://www.bokstas.net"]
[Date "2011.02.20"]
[Round "5.2"]
[White "Armonaitis Silvestras"]
[Black "Žasytis Žilvinas"]
[WhiteElo "2108"]
[BlackElo "1771"]
[Result "0-1"]

1. c4 f5 2. Nc3 Nf6 3. d4 g6 4. f3 d6 5. e4 Nc6 6. Nge2 e5 7. d5 Ne7 8. Be3 b6
9. Qd2 fxe4 10. Nxe4 Bg7 11. Nxf6+ Bxf6 12. g4 h5 13. g5 Bg7 14. Ng3 Nf5 15.
Bd3 O-O 16. O-O-O Qe8 17. Be4 Ne7 18. Rhf1 Bf5 19. b3 Qd7 20. Qe2 Bh3 21. Rf2
h4 22. Nf1 Nf5 23. Qd3 Rf7 24. Bd2 Bxf1 25. Rdxf1 Raf8 26. Bc3 Qd8 27. Rg2 Re8
28. Rg4 Bf8 29. Bd2 Be7 30. Rfg1 Ref8 31. Kb1 Rh7 32. Bc3 Rh5 33. f4 exf4 34.
Bf6 Bxf6 35. Bxf5 Rxg5 36. Be6+ Kg7 37. Qxg6+ Kxg6 0-1

[Event "Klaipeda championship 2011"]
[Site "http://www.bokstas.net"]
[Date "2011.02.20"]
[Round "5.3"]
[White "Galuščak Viktoras"]
[Black "Vaitonis Vytautas"]
[WhiteElo "1815"]
[BlackElo "2029"]
[Result "0-1"]

1. e4 e6 2. d4 d5 3. Nc3 Nf6 4. Bg5 Bb4 5. e5 h6 6. Bd2 Bxc3 7. bxc3 Ne4 8. Bd3
Nxd2 9. Qxd2 c5 10. f4 c4 11. Be2 Nc6 12. Nf3 Bd7 13. O-O Qe7 14. Ne1 O-O-O 15.
g3 f5 16. Ng2 g5 17. Kh1 Rdg8 18. Qc1 Kc7 19. Qb2 Rb8 20. Rab1 b5 21. a3 a5 22.
Kg1 g4 23. Kf2 Rb6 24. Rbd1 Rhb8 25. Rh1 b4 26. cxb4 axb4 27. axb4 Nxb4 28. Qc1
Na2 29. Qd2 c3 30. Qe3 Rb2 31. Ne1 Ba4 32. Ra1 Qa3 33. Bd3 Rb1 34. Ng2 Rxa1 35.
Rxa1 Qb2 36. Re1 Bxc2 37. Re2 Bxd3 38. Qxd3 Nc1 0-1

[Event "Klaipeda championship 2011"]
[Site "http://www.bokstas.net"]
[Date "2011.02.20"]
[Round "5.4"]
[White "Barščiauskas Gintautas"]
[Black "Jocys Dalius"]
[WhiteElo "1891"]
[BlackElo "2207"]
[Result "1/2-1/2"]

1. e4 d6 2. d4 Nf6 3. Bd3 e5 4. c3 Be7 5. Nf3 Nbd7 6. O-O O-O 7. Nbd2 c6 8. Re1
Re8 9. Bc4 exd4 10. cxd4 d5 11. exd5 Nxd5 12. Ne5 Nxe5 13. dxe5 Be6 14. Ne4 Qc7
15. Bg5 Rad8 16. Qf3 Bxg5 17. Nxg5 h6 18. Nxe6 Rxe6 19. Qb3 b5 20. Bxd5 Rxd5
21. f4 Qb6+ 22. Qe3 Qxe3+ 23. Rxe3 Rd2 24. f5 Re8 25. b3 Red8 26. Rc1 Rd1+ 27.
Rxd1 Rxd1+ 28. Kf2 Rd4 1/2-1/2

[Event "Klaipeda championship 2011"]
[Site "http://www.bokstas.net"]
[Date "2011.02.20"]
[Round "5.6"]
[White "Drozdov Sergej"]
[Black "Černavina Ksenija"]
[WhiteElo "2242"]
[BlackElo "1755"]
[Result "0-1"]

1. d4 Nf6 2. Nf3 e6 3. Bg5 Be7 4. Nbd2 d5 5. e3 O-O 6. Bd3 Nbd7 7. O-O c5 8. c3
b6 9. Ne5 Nxe5 10. dxe5 Nd7 11. Bf4 Re8 12. Bg3 Bb7 13. f4 Nf8 14. Qg4 f5 15.
exf6 Bxf6 16. Nf3 Qc8 17. Rf2 Ba6 18. Bc2 b5 19. e4 h6 20. e5 Bd8 21. f5 exf5
22. Bxf5 Qc6 23. e6 Rxe6 24. Ne5 Rxe5 25. Bxe5 Qb7 26. Be6+ Nxe6 27. Qxe6+ Kh7
28. Rf7 0-1

[Event "Klaipeda championship 2011"]
[Site "http://www.bokstas.net"]
[Date "2011.03.06"]
[Round "6.1"]
[White "Dubinskas Konstantinas"]
[Black "Černavina Ksenija"]
[WhiteElo "2052"]
[BlackElo "1755"]
[Result "1-0"]

1. Nf3 Nf6 2. g3 g6 3. c4 c5 4. Bg2 Bg7 5. O-O O-O 6. Nc3 Nc6 7. d4 cxd4 8.
Nxd4 a6 9. h3 Qc7 10. Nb3 d6 11. Bg5 Ne5 12. Bxf6 exf6 13. Nd5 Qd8 14. Rc1 Be6
15. Nd4 Bxd5 16. Bxd5 Qc8 17. Kg2 Rb8 18. Qd2 f5 19. Rfd1 1-0

[Event "Klaipeda championship 2011"]
[Site "http://www.bokstas.net"]
[Date "2011.03.06"]
[Round "6.2"]
[White "Jonuševičius Audrius"]
[Black "Drozdov Sergej"]
[WhiteElo "2090"]
[BlackElo "2242"]
[Result "0-1"]

1. d4 Nf6 2. Nf3 e6 3. Bg5 d5 4. e3 Be7 5. Bd3 h6 6. Bxf6 Bxf6 7. O-O O-O 8.
Nbd2 c5 9. c3 Nd7 10. Rc1 e5 11. dxe5 Nxe5 12. Nxe5 Bxe5 13. Qh5 Bf6 14. Rfd1
Be6 15. e4 Qd7 16. h3 Rad8 17. f4 dxe4 18. Nxe4 Qe7 19. Nxc5 Rd5 20. Qf3 Qxc5+
21. Kh1 Rfd8 22. c4 Rd4 23. b3 Qc7 24. f5 Bd7 25. Be4 Bc6 26. Rxd4 Rxd4 27.
Bxc6 bxc6 28. Re1 Qd7 29. Rb1 Qe8 30. Qg3 Qe5 31. Qf2 Qf4 32. Qe2 Be5 0-1

[Event "Klaipeda championship 2011"]
[Site "http://www.bokstas.net"]
[Date "2011.03.06"]
[Round "6.4"]
[White "Vaitonis Vytautas"]
[Black "Barščiauskas Gintautas"]
[WhiteElo "2029"]
[BlackElo "1891"]
[Result "1/2-1/2"]

1. d4 Nf6 2. Nf3 e6 3. Bg5 Be7 4. Nbd2 d5 5. e3 Nbd7 6. c4 c5 7. Bd3 O-O 8. O-O
b6 9. Rc1 Bb7 10. Qc2 Rc8 11. b3 h6 12. Bh4 Nh5 13. Bxe7 Qxe7 14. Rfe1 Nhf6 15.
e4 dxe4 16. Nxe4 Nxe4 17. Bxe4 Nf6 18. Bxb7 Qxb7 19. Rcd1 cxd4 20. Rxd4 Rfd8
21. Red1 Qc7 22. Qd3 Rxd4 23. Qxd4 Qc5 24. Ne5 Qxd4 25. Rxd4 Kf8 26. f4 Ke7 27.
Kf2 h5 28. Kf3 Rc7 29. b4 Nd7 30. Ke4 Nb8 31. a3 Nc6 32. Nxc6+ Rxc6 33. g3 f6
34. h3 Rc8 1/2-1/2

[Event "Klaipeda championship 2011"]
[Site "http://www.bokstas.net"]
[Date "2011.03.06"]
[Round " 6.5"]
[White "Žasytis Žilvinas"]
[Black "Galuščak Viktoras"]
[WhiteElo "1771"]
[BlackElo "1814"]
[Result "0-1"]

1. e4 e5 2. Bc4 Bc5 3. Nf3 Nc6 4. c3 Nf6 5. d4 exd4 6. cxd4 Bb4+ 7. Bd2 Bxd2+
8. Nbxd2 d5 9. exd5 Nxd5 10. O-O O-O 11. Ne4 Bg4 12. Nc3 Nb6 13. Be2 Qf6 14. d5
Rad8 15. Qd2 Be6 16. Rad1 Nxd5 17. Ne4 Qe7 18. Nd4 Nxd4 19. Qxd4 Nf4 20. Qe3
Nxe2+ 21. Qxe2 Bd5 22. f3 f5 23. Rxd5 Rxd5 24. Qc4 c6 25. Nc3 Qc5+ 26. Qxc5
Rxc5 27. Rd1 g6 28. f4 Rc4 29. g3 b5 30. Rd7 Rf7 31. Rd8+ Kg7 0-1

[Event "Klaipeda championship 2011"]
[Site "http://www.bokstas.net"]
[Date "2011.02.13"]
[Round "7.1"]
[White "Armonaitis Silvestras"]
[Black "Dubinskas Konstantinas"]
[WhiteElo "2108"]
[BlackElo "2052"]
[Result "1-0"]

1. c4 f5 2. d4 Nf6 3. Nc3 e6 4. g3 d5 5. Bg2 c6 6. Nh3 Bd6 7. Bf4 O-O 8. O-O b6
9. Qb3 Bb7 10. cxd5 exd5 11. e4 fxe4 12. Nxe4 Nxe4 13. Bxe4 Kh8 14. Bc2 Bc8 15.
Bxd6 Qxd6 16. Ng5 g6 17. Qe3 Na6 18. Rfe1 Bf5 19. Bxf5 Rxf5 20. Qd3 Rxg5 21.
Qxa6 Qd7 22. Re3 Rf8 23. Rae1 Rf7 24. f4 Rgf5 25. Re8+ Kg7 26. h4 c5 27. Qd3 c4
28. Qf3 b5 29. a3 a5 30. Ra8 a4 31. Ree8 Rf8 32. Qe3 R5f7 33. Qe5+ Kg8 34.
Rxf8+ Rxf8 35. Rxf8+ Kxf8 36. Qh8+ Ke7 37. Qxh7+ Kd8 38. Qxg6 Qe7 39. Kf2 c3
40. Qb6+ Ke8 41. Qc6+ Kf8 42. Qxc3 Qe4 43. f5 Kg8 44. Qc8+ Kh7 45. Qc7+ Kg8 46.
Qe5 Qc2+ 47. Kf3 Qxb2 48. Qxd5+ Kf8 49. Qc5+ Kf7 50. g4 b4 51. g5 Qxa3+ 52. Kg4
Qc3 53. g6+ Ke8 54. g7 Qxc5 55. dxc5 Kf7 56. c6 a3 57. c7 1-0

[Event "Klaipeda championship 2011"]
[Site "http://www.bokstas.net"]
[Date "2011.02.13"]
[Round "7.3"]
[White "Barščiauskas Gintautas"]
[Black "Žasytis Žilvinas"]
[WhiteElo "1891"]
[BlackElo "1771"]
[Result "0-1"]

1. d4 f5 2. g3 Nf6 3. Bg2 g6 4. Nf3 Bg7 5. O-O d6 6. c4 O-O 7. Nc3 Nc6 8. Rb1
e5 9. d5 Ne7 10. b4 b6 11. Bb2 a5 12. a3 f4 13. Nxe5 Bf5 14. Nd3 axb4 15. axb4
fxg3 16. hxg3 Qd7 17. Nb5 Rae8 18. Nd4 g5 19. Qd2 h6 20. Nxf5 Qxf5 21. f3 g4
22. e4 Qh7 23. e5 Nh5 24. Kh2 Qg6 25. Nf4 Nxf4 26. gxf4 g3+ 27. Kg1 Qh5 28.
Rfe1 Ng6 29. Re4 dxe5 30. fxe5 Qh2+ 31. Kf1 Rxf3+ 32. Ke1 Qg1+ 33. Ke2 Qxg2+
34. Kd1 Rf1+ 35. Re1 Qf3+ 36. Kc2 Rf2 37. Rbd1 Rxd2+ 38. Rxd2 Bxe5 39. Ree2
Qf5+ 40. Kb3 Rf8 41. c5 bxc5 42. Bxe5 Nxe5 43. bxc5 Qf3+ 44. Kc2 Nc4 0-1

[Event "Klaipeda championship 2011"]
[Site "http://www.bokstas.net"]
[Date "2011.02.13"]
[Round "7.5"]
[White "Drozdov Sergej"]
[Black "Jocys Dalius"]
[WhiteElo "2242"]
[BlackElo "2207"]
[Result "1/2-1/2"]

1. d4 d5 2. Nf3 Nf6 3. Bg5 Ne4 4. Bf4 e6 5. Nbd2 c5 6. e3 Bd6 7. Nxe4 dxe4 8.
Bxd6 Qxd6 9. Ng5 cxd4 10. Qxd4 Qxd4 11. exd4 f5 12. Bc4 Ke7 13. O-O-O Kf6 14.
Nh3 Nc6 15. Nf4 g5 16. Ne2 Na5 17. Bb3 Nxb3+ 18. axb3 Bd7 19. h4 h6 20. Rh2 Bc6
21. Rdh1 Kg7 22. c4 Rad8 23. Kc2 f4 24. Kc3 Rdf8 25. Kd2 g4 26. Ra1 f3 27. gxf3
Rxf3 28. b4 a6 29. Ra3 Rhf8 30. Ke1 h5 31. Re3 Kg6 32. Rg2 Kh6 33. Ng3 Rd8 34.
Ne2 Rdf8 35. Ng3 Rd8 36. Ne2 1/2-1/2

[Event "Klaipeda championship 2011"]
[Site "http://www.bokstas.net"]
[Date "2011.02.13"]
[Round "7.6"]
[White "Černavina Ksenija"]
[Black "Jonuševičius Audrius"]
[WhiteElo "1755"]
[BlackElo "2090"]
[Result "1/2-1/2"]

1. d4 d5 2. c4 c6 3. Nf3 Nf6 4. Nc3 e6 5. Bg5 Bb4 6. a3 Bxc3+ 7. bxc3 Qa5 8.
Qc2 Ne4 9. Bd2 Nxd2 10. Nxd2 O-O 11. e3 Nd7 12. Bd3 g6 13. O-O b5 14. c5 Rb8
15. f4 Kg7 16. Nf3 Qc7 17. Ng5 a5 18. Rab1 a4 19. Rf3 Nf6 20. Rff1 Qe7 21. Nf3
Ng4 22. Qe2 f5 23. h3 Nf6 24. Ne5 Bb7 25. Rf3 Nd7 26. Qf2 Nxe5 27. fxe5 h5 28.
h4 Kh7 29. Rh3 Rg8 30. Qf3 Rbf8 31. Rf1 Kh6 32. Be2 Rf7 33. Qf4+ Kg7 34. Rg3
Kh7 35. Rg5 Rgg7 36. Rf3 Qe8 37. Rfg3 Re7 38. Qf3 Bc8 39. Qf2 Bd7 40. Bd1 Qf8
41. Bc2 Qa8 42. Bd1 Be8 43. Rf3 Rb7 44. Qb2 Rgf7 45. Rf4 1/2-1/2